Catálogo público

Pacífico centro-oriental (Record no. 59509)

MARC details
000 -CABECERA
campo de control de longitud fija 01506cam a22004217a 4500
003 - IDENTIFICADOR DEL NÚMERO DE CONTROL
campo de control CHAP
005 - FECHA Y HORA DE LA ÚLTIMA TRANSACCIÓN
campo de control 20220817042914.0
008 - DATOS DE LONGITUD FIJA--INFORMACIÓN GENERAL
campo de control de longitud fija 990805s1995 it a r 00010 spa d
010 ## - NÚMERO DE CONTROL DE LA BIBLIOTECA DEL CONGRESO
Número de control de LC 59509
011 ## - ENLACE DEL NUMERO DE CONTROL DE LA BIBLIOTECA DEL CONGRESO [OBSOLETO]
Número de control de LC 60481
035 ## - NÚMERO DE CONTROL DEL SISTEMA
Número de control de sistema 64643
040 ## - FUENTE DE LA CATALOGACIÓN
Centro/agencia transcriptor CHAP
082 ## - NÚMERO DE LA CLASIFICACIÓN DECIMAL DEWEY
Número de clasificación 639.309688
Número de documento/Ítem F3Y v.1
110 ## - ENTRADA PRINCIPAL--NOMBRE DE ENTIDAD CORPORATIVA
Nombre de entidad corporativa o nombre de jurisdicción como elemento de entrada FAO
245 #0 - MENCIÓN DE TÍTULO
Título Pacífico centro-oriental
Mención de responsabilidad, etc. /por W. Fischer [y otros]
260 ## - PUBLICACIÓN, DISTRIBUCIÓN, ETC.
Lugar de publicación, distribución, etc. Roma :
Nombre del editor, distribuidor, etc. FAO,
Fecha de publicación, distribución, etc. 1995-
300 ## - DESCRIPCIÓN FÍSICA
Extensión v.
410 ## - MENCIÓN DE SERIE/PUNTO DE ACCESO ADICIONAL--ENTIDAD CORPORATIVA [OBSOLETO, CAN/MARC], [LOCAL, USA]
Nombre de entidad corporativa o nombre de jurisdicción como elemento de entrada FAO
490 #0 - MENCIÓN DE SERIE
Mención de serie Guía para la identificación de especies para los fines de la pesca
Designación de volumen o secuencia ; 1
505 ## - NOTA DE CONTENIDO CON FORMATO
Nota de contenido con formato Contenido : Pte.1 Plantas e invertebrados -- Pte.2-3 Vertebrados
590 ## - NOTA LOCAL (RLIN)
Nota local BATCH-UPD
Procedencia (VM) [OBSOLETO] 10
Condición del los carretes individuales (VM) [OBSOLETO] 20130110
-- UCH01
-- 0823
590 ## - NOTA LOCAL (RLIN)
Nota local BATCH-UPD
Procedencia (VM) [OBSOLETO] 10
Condición del los carretes individuales (VM) [OBSOLETO] 20130410
-- UCH01
-- 0501
590 ## - NOTA LOCAL (RLIN)
Nota local BATCH-UPD
Procedencia (VM) [OBSOLETO] 10
Condición del los carretes individuales (VM) [OBSOLETO] 20130914
-- UCH01
-- 1343
590 ## - NOTA LOCAL (RLIN)
Nota local CONVERSION
Procedencia (VM) [OBSOLETO] 10
Condición del los carretes individuales (VM) [OBSOLETO] 20130109
-- UCH01
-- 1332
650 14 - PUNTO DE ACCESO ADICIONAL DE MATERIA--TÉRMINO DE MATERIA
Término de materia o nombre geográfico como elemento de entrada Fauna marina.
9 (RLIN) 39841
650 14 - PUNTO DE ACCESO ADICIONAL DE MATERIA--TÉRMINO DE MATERIA
Término de materia o nombre geográfico como elemento de entrada Peces
Subdivisión general Clasificación.
9 (RLIN) 86445
650 14 - PUNTO DE ACCESO ADICIONAL DE MATERIA--TÉRMINO DE MATERIA
Término de materia o nombre geográfico como elemento de entrada Recursos marinos.
700 0# - PUNTO DE ACCESO ADICIONAL--NOMBRE DE PERSONA
Nombre de persona Fischer, W.
9 (RLIN) 41075
700 0# - PUNTO DE ACCESO ADICIONAL--NOMBRE DE PERSONA
Nombre de persona Krupp, F.
9 (RLIN) 63992
700 0# - PUNTO DE ACCESO ADICIONAL--NOMBRE DE PERSONA
Nombre de persona Sommer, C.
9 (RLIN) 108549
810 0# - PUNTO DE ACCESO ADICIONAL DE SERIE--NOMBRE DE ENTIDAD CORPORATIVA
Nombre de entidad corporativa o nombre de jurisdicción como elemento de entrada FAO
830 0# - PUNTO DE ACCESO ADICIONAL DE SERIE-TÍTULO UNIFORME
Título uniforme Guía para la identificación de especies para los fines de la pesca
Designación de volumen o secuencia ; 1
9 (RLIN) 51494
901 ## - ELEMENTOS DE DATOS A LOCAL LDA (RLIN)
a BK
942 ## - ELEMENTOS DE PUNTO DE ACCESO ADICIONAL (KOHA)
Tipo de ítem Koha Libro
949 ## - PROCESAMIENTO DE INFORMACIÓN LOCAL (OCLC)
a 639.309688 F3Y v.1
b BC
c FAO
d 33724000662680
e FAO1
f Pte.3
h 89900
i 64643
k DonaciØn
s b
949 ## - PROCESAMIENTO DE INFORMACIÓN LOCAL (OCLC)
a 639.309688 F3Y v.1
b BC
c FAO
d 33724000662698
e FAO1
f Pte.1
h 89898
i 64643
k DonaciØn
s t
949 ## - PROCESAMIENTO DE INFORMACIÓN LOCAL (OCLC)
a 639.309688 F3Y v.1
b BC
c FAO
d 33724000662706
e FAO1
f Pte.2
h 89899
i 64643
k DonaciØn
s b
Holdings
Estado de retiro Estado de pérdida Estado dañado Restricciones de uso No para préstamo Código de colección Localización permanente Ubicación/localización actual Ubicación en estantería Fecha de adquisición Información codificada de la localización en otra ubicación Número de inventario Total de préstamos Signatura topográfica completa Código de barras Fecha visto por última vez Número de copia Precio válido a partir de Tipo de ítem Koha
      Préstamo interno   Publicaciones FAO Biblioteca Central Biblioteca Central Planta Principal - Área de préstamo - FAO 31/12/2019 LIBRO 127   639.309688 F3Y v.1 33724000662680 31/12/2019 Pte.3 31/12/2019 Libro
      Préstamo 3 días   Publicaciones FAO Biblioteca Central Biblioteca Central Planta Principal - Área de préstamo - FAO 31/12/2019 LIBRO 127   639.309688 F3Y v.1 33724000662698 31/12/2019 Pte.1 31/12/2019 Libro
      Préstamo interno   Publicaciones FAO Biblioteca Central Biblioteca Central Planta Principal - Área de préstamo - FAO 31/12/2019 LIBRO 127   639.309688 F3Y v.1 33724000662706 31/12/2019 Pte.2 31/12/2019 Libro